logo

Bir Sreshtho Munshi Abdur Rouf Library
Jhenaidah Cadet College

Subjects and sources for Research writing / (Record no. 401)

MARC details
000 -LEADER
fixed length control field 00667nam a2200229 a 4500
003 - CONTROL NUMBER IDENTIFIER
JCCL marc code BD-JhCC
005 - DATE AND TIME OF LATEST TRANSACTION
control field 20171004175755.0
008 - FIXED-LENGTH DATA ELEMENTS--GENERAL INFORMATION
fixed length control field 171004s1952 as ||||| |||| 00| 0 eng d
035 ## - SYSTEM CONTROL NUMBER
system control number (BD-JhCC)
040 ## - CATALOGING SOURCE
Original cataloging agency BD-JhCC
Modifying agency BD-JhCC
041 ## - LANGUAGE CODE
Language code of Book eng
082 ## - DEWEY DECIMAL CLASSIFICATION NUMBER
DDC Edition number 22
Classification number 808.06
Author mark and Year RAY 1944
100 ## - MAIN ENTRY--PERSONAL NAME
Personal name W. Short ,Raymond
245 ## - TITLE STATEMENT
Title Subjects and sources for Research writing /
Statement of responsibility, etc Raymond W. Short : Robert DeMaria ,
260 ## - PUBLICATION, DISTRIBUTION, ETC. (IMPRINT)
Place of publication, distribution, etc America ,
Name of publisher, distributor, etc The united states of America ,
Date of publication, distribution, etc 1944
300 ## - PHYSICAL DESCRIPTION
Pagination 202p. ;
Dimensions 22cm.
650 ## - SUBJECT ADDED ENTRY--TOPICAL TERM
Topical term or geographic name as entry element Report Writing
Geographic subdivision Education research
700 ## - ADDED ENTRY--PERSONAL NAME
Personal name W. Short ,Raymond
700 ## - ADDED ENTRY--PERSONAL NAME
Personal name DeMaria ,Robert
942 ## - ADDED ENTRY ELEMENTS (KOHA)
Source of classification or shelving scheme Dewey Decimal Classification
Koha item type Books
Holdings
Source of classification or shelving scheme Damaged status Not for loan Home library Current library Shelving location Date of accession Total Checkouts Full call number Barcode Date last seen Copy number Koha item type
Dewey Decimal Classification     JCC Rouf Library JCC Rouf Library General Stacks 10/04/2017   808.06 RAY 1944 962 10/04/2017 C-1 Books

JCC Library | Contacts | JCC Home

Last Update on 23 September 2017
Copyright @ 2017-2020 JCC Rouf Library
Rouf Library, Jhenidah Cadet College (JCC), Bangladesh